| 000 | 00681nam a2200181 i 4500 | ||
|---|---|---|---|
| 001 | 50883 | ||
| 003 | ES-MaACL | ||
| 005 | 20230906162244.0 | ||
| 007 | t| | ||
| 008 | 030807s1970 sp ||||1| spa d | ||
| 111 | 2 |
_aCursillo sobre Propiedad Industrial ( _n2º. _d1969. _cBarcelona) _9597 |
|
| 245 | 1 | 0 |
_aII Cursillo sobre Propiedad Industrial / _cpor A. Bercovitz ... [et al.]. |
| 260 |
_aBarcelona : _bAsociación Internacional para la Protección de la Propiedad Industrial, _c[1970] |
||
| 300 |
_a176 p. ; _c24 cm. |
||
| 700 | 1 |
_aBercovitz, Alberto. _927856 |
|
| 710 | 2 |
_aAsociación Internacional para la Protección Industrial. _91735 |
|
| 852 |
_aES-MaACL _jC-37808 _bR.75273 |
||
| 999 |
_c50883 _d50883 |
||